000 00863nam a22002177a 4500
003 OSt
005 20260211082505.0
008 240820b ||||| |||| 00| 0 eng d
040 _c0
082 _aDPer 320.05 As421 April-December 2020 v. 28 n. 1-3
100 _aTripathi, Charusheel.
_eauthor.
_958473
245 _aCapability as 'Samarthya' and 'Sakshamta' :
_bexonerating the discourse on justice /
_cCharusheel Tripathi.
260 _aUnited Kingdom ;
_bTaylor & Francis Group ,
_cDecember 2020.
300 _aVolume 28, pages 212-235 :
_billustration ;
_c26 cm.
500 _aAsian Journal of Political Science, vol. 28, no. 3, pages 212-235, December 2020.
650 0 _aDeliberative democracy.
_967021
650 0 _aJustice.
_911908
650 0 _a Samarthya and Sakshamta.
_967022
700 _aTripathi, Charusheel.
_eauthor.
_958473
942 _2ddc
_cPER
999 _c20701
_d20701